000 03055nam a2200649 a 4500
001 dia_5726
003 CHAP
005 20241105180614.0
007 ta
008 220601s2009 mx o fr 001 0 spa d
040 _amxchpua
_cCHAP
090 _aT.C.479
_bV45 IA
_c2009
245 1 0 _aViaje de estudios a la zona del Bajío /
_ccoordinadora Alejandra Velázquez Castillo ; colaboradores Blanca Aide Albarrán Contreras...[et al.]
260 _aMéxico :
_bEl autor
_c2009
300 _a143 hojas :
_bdiagramas, tablas, fotos
336 _2rdacontent
_atexto
_btxt
337 _2rdamedia
_ano mediado
_bn
338 _2rdacarrier
_avolumen
_bnc
500 _a4° año Grupo 2
500 _aIncluye directorio en el reporte
502 _aViaje de Estudios
_b(IA) --
_cUACh. Departamento de Ingeniería Agroindustrial,
_d2009
505 _tEmpresas visitadas: -- 1. Ingenio Santa Clara, S. A. de C. V. -- 2. EXPOBERRYS, S. A. de C. V. -- 3. Rastro Cicaba, S. A. de C. V. -- 4. Empacadora Bonna Carne, S. A. de C. V. -- 5. Jugos Sonrisa, S. A. de C. V. -- 6. Fábrica de dulces Flor de Calvillo, S. A. de C. V. -- 7. Cremería El Labrador, S. A. de C. V. -- 8. Vinos La Bordalesa, S. A. de C.V . -- 9. Semilla Agroferza, S. A. de C. V. -- 10. Frutas selectas de Calvillo, FRUSEC, S. A. de C. V. -- 11. Empacadora FRUCASA, S. A. de C. V. -- 12. Cristalita, S. A. de C. V. -- 13. Corralejo, S. A. de C. V. -- 14. Congeladora Niño, S. A. de C. V. -- 15. BIMBO, Irapuato, S. A. de C. V. -- 16. Expor San Antonio, S. A. de C. V. -- 17. Deshidratadora La Cascada, S. A. de C. V. -- 18. Harinera La Queretana, S. A. de C. V. -- 19. Grupo Modelo, S. A. de C. V.
650 1 7 _aIndustria azucarera
_zMéxico
_2
_957791
650 1 3 _aZarzamora
_9123730
650 1 3 _aMataderos
_972885
650 1 3 _aProductos cárnicos
_9147832
650 1 3 _aJugos de fruta
_962307
650 1 3 _aProductos lácteos
_992124
650 1 3 _aIndustria del vino
_9151418
650 1 3 _aIndustria cervecera
_957799
650 1 3 _aFrutas
_9150601
650 1 3 _aTequila
_9112336
650 1 3 _aHarina de trigo
_952680
650 1 3 _aAlimentos deshidratados
_9154330
650 1 3 _aAlimentos congelados
_94302
650 1 3 _aIndustria de los alimentos
_9148659
650 1 3 _aSugar industry
_9151278
650 1 3 _aBlackberries
_9155468
650 1 0 _aSlaughterhouses
_9148386
650 1 3 _aMeat products
_9147939
650 1 3 _aFruit juices
_9148584
650 1 3 _aDairy products
_9147027
650 1 3 _aWine industry
_9151419
650 1 3 _aBrewing industry
_9151423
650 1 3 _aFruits
_9150789
650 1 3 _aWheat flour
_9148273
650 1 3 _aDried foods
_9154331
650 1 3 _aFrozen foods
_9147452
700 1 _aVelázquez Castillo, Alejandra
_9118517
_ecoordinadora
700 1 _aAlbarrán Contreras, Blanca Aidé
_9125613
_ecolaboradora
901 _aT.C.479 V45 IA 2009
902 _aM
905 _a5232272009 mx di 8223123322spa16
942 _2local
942 _cVE
999 _c209604
_d209604